Vulnerabilidad del empleo es mayor para las mujeres que para los hombres /
Guardado en:
| Autor Corporativo: | |
|---|---|
| Otros Autores: | |
| Formato: | Texto |
| Etiquetas: |
Agregar Etiqueta
Sin Etiquetas, Sea el primero en etiquetar este registro!
|
MARC
| LEADER | 00000 a a2200000 04500 | ||
|---|---|---|---|
| 001 | 43958 | ||
| 003 | |||
| 040 | |||
| 110 | |a CEPAL | ||
| 245 | |a Vulnerabilidad del empleo es mayor para las mujeres que para los hombres / |c CEPAL | ||
| 700 | |a MUJERES EMPLEO AMERICA LATINA CARIBE HOMBRES | ||
| 773 | |g número1 (2001 ), 8 Páginas | ||
| 999 | |c 25091 |d 25091 | ||
